[Event "Taastrup Spil Naar Du Vil IV 2003"]
[Site "Taastrup"]
[Date "2009.05.07"]
[Round "6"]
[White "Nielsen, Jan Mose"]
[Black "Strom, Ebbe"]
[Result "1-0"]
[WhiteElo "2016"]
[BlackElo "1623"]
[PlyCount "31"]
[EventDate "2009.03.26"]
[EventType "swiss"]
[EventRounds "7"]
[EventCountry "DEN"]
[SourceTitle "EXT 2023"]
[Source "ChessBase"]
[SourceDate "2022.10.05"]
[SourceVersion "1"]
[SourceVersionDate "2022.10.05"]
[SourceQuality "1"]

1. d4 d5 2. c4 e6 3. Nf3 Nf6 4. Nc3 Be7 5. Qc2 Nbd7 6. Bf4 c6 7. e3 0-0 8. c5 b5 9. g4 b4 10. Ne2 Qa5 11. b3 Ba6 12. Rg1 Ne4 13. Ng3 f5 14. gxf5 Bxf1 15. fxe6 Ndf6 16. Nf5 1-0

[Event "Taastrup Quick Weekend 4th A"]
[Site "Taastrup"]
[Date "2006.10.28"]
[Round "3"]
[White "Lauritsen, Martin Lee"]
[Black "Strom, Ebbe"]
[Result "1-0"]
[WhiteElo "1986"]
[BlackElo "1735"]
[PlyCount "53"]
[EventDate "2006.10.27"]
[EventType "tourn"]
[EventRounds "5"]
[EventCountry "DEN"]
[SourceTitle "EXT 2023"]
[Source "ChessBase"]
[SourceDate "2022.10.05"]
[SourceVersion "1"]
[SourceVersionDate "2022.10.05"]
[SourceQuality "1"]

1. e4 d5 2. exd5 Qxd5 3. Nc3 Qa5 4. d4 Nf6 5. Bc4 c6 6. Bd2 Bg4 7. f3 Bh5 8. h4 Bg6 9. Nh3 Qd8 10. Be3 h5 11. Nf4 Bf5 12. Qe2 e6 13. 0-0-0 Be7 14. Rdg1 Nbd7 15. g4 hxg4 16. fxg4 Bh7 17. g5 Nd5 18. Bxd5 exd5 19. g6 Bxg6 20. Nxg6 fxg6 21. Rxg6 Bf6 22. Bg5+ Qe7 23. Qxe7+ Kxe7 24. Rxg7+ Kd6 25. Rxd7+ Kxd7 26. Bxf6 Rhf8 27. Be5 1-0

[Event "Taastrup Spil Naar Du Vil 1st"]
[Site "Taastrup"]
[Date "2006.05.18"]
[Round "7"]
[White "Strom, Ebbe"]
[Black "Kaaber Hansen, Jacob"]
[Result "0-1"]
[WhiteElo "1750"]
[BlackElo "2124"]
[PlyCount "48"]
[EventDate "2006.03.30"]
[EventType "swiss"]
[EventRounds "9"]
[EventCountry "DEN"]
[SourceTitle "EXT 2023"]
[Source "ChessBase"]
[SourceDate "2022.10.05"]
[SourceVersion "1"]
[SourceVersionDate "2022.10.05"]
[SourceQuality "1"]

1. b4 d5 2. Bb2 Nf6 3. e3 Bf5 4. c4 e6 5. b5 Be7 6. Nf3 0-0 7. Nc3 c5 8. d4 a6 9. Be2 axb5 10. cxb5 Nbd7 11. 0-0 Ne4 12. Nxe4 Bxe4 13. a4 Qc7 14. Qd2 b6 15. Rfc1 Ra7 16. Qc3 f6 17. dxc5 Nxc5 18. Bd1 Bd6 19. h4 Rfa8 20. h5 Bxf3 21. gxf3 Be5 22. Qd2 Bxb2 23. Qxb2 Qf7 24. f4 Nd3 0-1